000 00664nam a2200229Ia 4500
005 20260429112028.0
008 260429s9999||||xx |||||||||||||| ||und||
020 _a9781032949000
041 _aEnglish
082 _a515.35
_bFOX
100 _aFox, William P.
245 0 _aIntroduction to differential and difference equations through modeling /
_cWilliam P. Fox
250 _a1st ed.
260 _aBoca Raton :
_bCRC Press,
_c2025.
300 _axvii, 337 p.; hb
440 _aTextbooks in mathematics
650 _a Differential equations
650 _a Mathematical analysis
650 _aMathematics
700 _a Burks, Robert E.
942 _cTB
999 _c51970
_d51970